| 000 | 00572cam a2200193ua 4500 | ||
|---|---|---|---|
| 001 | 2186 | ||
| 008 | 110804n ii |||gr||||Z||||||eng | ||
| 020 | _a0-7069-9719-0 | ||
| 040 | _cMAIN | ||
| 082 | _a371.33 | ||
| 100 | _aAgarwal, J. C., | ||
| 245 | 1 |
_aEssentials of educational technology : _bteaching learning innovations in education / _cby J. C. Agarwal |
|
| 250 | _a4th. | ||
| 260 |
_aNew Delhi: _bVikas publishing house pvt. ltd., _c2004. |
||
| 300 |
_a463p: _bill; _c23cm. |
||
| 653 | _aEducation | ||
| 653 | _aEssentials of educational technology | ||
| 942 | _cBK | ||
| 999 |
_c2054 _d2054 |
||